|
|
|
|
| LEADER |
02742nam a2200385 a 4500 |
| 001 |
0021449 |
| 003 |
BD-DhAAL |
| 008 |
101107s2004 nyu b 001 0 eng d |
| 010 |
|
|
|a 2003047110
|
| 020 |
|
|
|a 0195142039
|
| 020 |
|
|
|a 0195142047
|
| 040 |
|
|
|a DLC
|c DLC
|d DLC
|d BD-DhAAL
|
| 082 |
0 |
0 |
|a 307.764
|2 22
|
| 100 |
1 |
|
|a Abrahamson, Mark.
|9 59523
|
| 245 |
1 |
0 |
|a Global cities /
|c Mark Abrahamson.
|
| 260 |
|
|
|a New York :
|b Oxford University Press,
|c 2004.
|
| 300 |
|
|
|a x, 179 p. :
|b ill. ;
|c 25 cm.
|
| 504 |
|
|
|a Includes bibliographical references and index.
|
| 526 |
|
|
|a ESS
|x Fahmida Saadia Rahman
Senior Lecturer
Department of Economics and Social Sciences
BRAC University
|
| 541 |
1 |
|
|e 0021449
|a Karim International
|
| 650 |
|
0 |
|a Metropolitan areas.
|9 21938
|
| 650 |
|
0 |
|a Globalization.
|
| 650 |
|
0 |
|a City dwellers
|x Social conditions.
|9 59524
|
| 650 |
|
0 |
|a City dwellers
|x Economic conditions.
|9 59525
|
| 650 |
|
0 |
|a City and town life.
|
| 650 |
|
0 |
|a Culture.
|
| 650 |
|
0 |
|a Sociology, Urban.
|
| 852 |
4 |
|
|a Ayesha Abed Library
|c General Stacks
|
| 942 |
|
|
|2 ddc
|c BK
|
| 999 |
|
|
|c 10052
|d 10052
|
| 952 |
|
|
|0 0
|1 0
|2 ddc
|4 0
|6 307_760000000000000_4_ABR
|7 0
|9 13200
|a BRACUL
|b BRACUL
|c GEN
|d 2010-11-08
|e Karim International
|g 2500.00
|l 3
|m 2
|o 307.764 ABR
|p 3010021449
|r 2018-12-18
|s 2018-10-09
|t 1
|v 5000.00
|w 2010-11-08
|y BK
|x Requisitioned by Fahmida Saadia Rahman (Senior Lecturer, Department of Economics and Social Sciences, BRAC University).
|
| 952 |
|
|
|0 0
|1 0
|2 ddc
|4 0
|6 307_764000000000000_ABR
|7 0
|9 13201
|a BRACUL
|b BRACUL
|c GEN
|d 2010-11-08
|e Karim International
|g 2500.00
|l 3
|o 307.764 ABR
|p 3010021450
|r 2014-03-20
|s 2014-01-22
|t 2
|v 5000.00
|w 2010-11-08
|y BK
|x Requisitioned by Fahmida Saadia Rahman (Senior Lecturer, Department of Economics and Social Sciences, BRAC University).
|
| 952 |
|
|
|0 0
|1 0
|2 ddc
|4 0
|6 307_764000000000000_ABR
|7 0
|9 13202
|a BRACUL
|b BRACUL
|c GEN
|d 2010-11-08
|e Karim International
|g 2500.00
|l 3
|m 4
|o 307.764 ABR
|p 3010021451
|r 2016-08-14
|s 2016-05-03
|t 3
|v 5000.00
|w 2010-11-08
|y BK
|x Requisitioned by Fahmida Saadia Rahman (Senior Lecturer, Department of Economics and Social Sciences, BRAC University).
|
| 952 |
|
|
|0 0
|1 4
|2 ddc
|4 0
|6 307_764000000000000_ABR
|7 0
|9 13203
|a BRACUL
|b BRACUL
|d 2010-11-08
|e Karim International
|g 2500.00
|l 0
|o 307.764 ABR
|p 3010021452
|r 2010-11-08
|t 4
|v 5000.00
|w 2010-11-08
|y BK
|x Koha Inventory 2020 ; Requisitioned by Fahmida Saadia Rahman (Senior Lecturer, Department of Economics and Social Sciences, BRAC University).
|
| 952 |
|
|
|0 0
|1 4
|2 ddc
|4 0
|6 307_764000000000000_ABR
|7 0
|9 13204
|a BRACUL
|b BRACUL
|d 2010-11-08
|e Karim International
|g 2500.00
|l 0
|o 307.764 ABR
|p 3010021453
|r 2010-11-08
|t 5
|v 5000.00
|w 2010-11-08
|y BK
|x Koha Inventory 2020 ; Requisitioned by Fahmida Saadia Rahman (Senior Lecturer, Department of Economics and Social Sciences, BRAC University).
|